Dan + Shay Charting Songs (Bubbling Under) - Statistics

General Stats
  • This quiz has been taken 7 times
  • The average score is 5 of 7
Answer Stats
Album Peak Artist(s) Song % Correct
Where It All Began #6 Dan + Shay 19 You + Me
100%
Dan + Shay #3 Dan + Shay All To Myself
100%
Dan + Shay #1 Dan + Shay Speechless
83%
Obsessed #6 Dan + Shay From the Ground Up
67%
Obsessed #3 Dan + Shay How Not To
67%
Where It All Began #1 Dan + Shay Nothin' Like You
67%
Where It All Began #11 Dan + Shay Show You Off
50%
No matching quizzes found
Score Distribution
Percent of People with Each Score
Percentile by Number Answered
Your Score History
You have not taken this quiz